Els Bombardeigs de 1937 : a Sant Feliu de Guíxols : fa setanta anys / Àngel Jiménez a Sant Feliu de Guíxols :
Publicado:
Sant Feliu de Guíxols :
Ajuntament de Sant Feliu de Guíxols : Servei d'Arxiu Municipal, [2007]
Descripción Física:
11 p. : fot. ; 30 cm
Otros Autores:
Sant Feliu de Guíxols. Servei d'Arxiu Municipal
MARC
| LEADER | 00000nam a2200000Ia 4500 | ||
|---|---|---|---|
| 001 | 19293 | ||
| 008 | 160829s9999 xx 000 0 cat d | ||
| 080 | |a FU-3-50 | ||
| 100 | |a Jiménez, Àngel |9 45642 | ||
| 245 | |a Els Bombardeigs de 1937 : |b a Sant Feliu de Guíxols : |b fa setanta anys / Àngel Jiménez | ||
| 260 | |a Sant Feliu de Guíxols : |b Ajuntament de Sant Feliu de Guíxols : |b Servei d'Arxiu Municipal, [2007] | ||
| 300 | |a 11 p. : |b fot. ; |c 30 cm | ||
| 650 | |a Bombardeigs |x Sant Feliu de Guíxols |9 45643 | ||
| 651 | 0 | |a Espanya |x Història |y 1936-1939, Guerra Civil |9 55759 | |
| 700 | |a Sant Feliu de Guíxols. Servei d'Arxiu Municipal |9 45645 | ||
| 710 | 1 | |a Sant Feliu de Guíxols (Catalunya). |b Ajuntament |9 55492 | |
| 901 | |a Arxiu | ||
| 942 | |n 1 | ||
| 952 | |0 0 |1 0 |4 0 |6 FU350 |7 1 |9 52745 |a Arxiu |b Arxiu |d 2016-12-01 |l 0 |o FU-3-50 |p 19293 |r 2016-12-01 00:00:00 |w 2016-12-01 |y ARXIU | ||
| 999 | |c 56594 |d 56594 | ||